[Event "CZE-chT2C 1516"]
[Site "Czech Republic"]
[Date "2015.10.18"]
[Round "1.2"]
[White "Kubecka, David"]
[Black "Havlik, Jan"]
[Result "0-1"]
[WhiteElo "2249"]
[BlackElo "2389"]
[PlyCount "82"]
[EventDate "2015.10.18"]
[EventType "team-tourn"]
[EventRounds "11"]
[EventCountry "CZE"]
[SourceTitle "EXT 2022"]
[Source "ChessBase"]
[SourceDate "2021.10.06"]
[SourceVersion "1"]
[SourceVersionDate "2021.10.06"]
[SourceQuality "1"]
[WhiteTeam "Praha Vrsovice"]
[BlackTeam "Pisek"]
[WhiteTeamCountry "CZE"]
[BlackTeamCountry "CZE"]

1. c4 g6 2. Nc3 Bg7 3. g3 d6 4. Bg2 e5 5. e3 Nc6 6. Nge2 Be6 7. Nd5 Qd7 8. d3 f5 9. Qa4 Nf6 10. Nec3 Bxd5 11. Nxd5 Nxd5 12. Bxd5 Nd8 13. Qxd7+ Kxd7 14. Bg2 Rb8 15. b3 b5 16. Bb2 c6 17. Kd2 Ne6 18. Kc2 Rhc8 19. Rhd1 d5 20. Rac1 bxc4 21. dxc4 d4 22. f4 Ke7 23. exd4 exd4 24. Ba3+ Kd7 25. Re1 Re8 26. Rcd1 Kc7 27. Re2 d3+ 28. Rxd3 Nd4+ 29. Rxd4 Bxd4 30. Rd2 Rbd8 31. Bb4 Kb6 32. a4 a5 33. Bc3 Bxc3 34. Rxd8 Rxd8 35. Kxc3 Kc5 36. Bf3 Re8 37. Kd2 Re6 38. h3 Kd4 39. Bg2 c5 40. Bd5 Re3 41. Bg8 h6 0-1

[Event "CZE-chT2A 1415"]
[Site "Czech Republic"]
[Date "2015.04.19"]
[Round "11.3"]
[White "Formanek, Martin"]
[Black "Kubecka, David"]
[Result "1/2-1/2"]
[WhiteElo "2216"]
[BlackElo "2258"]
[PlyCount "32"]
[EventDate "2014.11.02"]
[EventType "team-tourn"]
[EventRounds "11"]
[EventCountry "CZE"]
[SourceTitle "EXT 2022"]
[Source "ChessBase"]
[SourceDate "2021.10.06"]
[SourceVersion "1"]
[SourceVersionDate "2021.10.06"]
[SourceQuality "1"]
[WhiteTeam "Praha Kobylisy"]
[BlackTeam "Praha Vrsovice"]
[WhiteTeamCountry "CZE"]
[BlackTeamCountry "CZE"]

1. e4 c5 2. Nc3 Nc6 3. f4 g6 4. Bb5 Nd4 5. Nf3 Bg7 6. 0-0 Nxb5 7. Nxb5 d6 8. d4 cxd4 9. Nbxd4 Nf6 10. e5 Nd5 11. c4 Nc7 12. h3 0-0 13. Be3 Ne6 14. Qe2 dxe5 15. Nxe6 Bxe6 16. Nxe5 Qc7 1/2-1/2

[Event "CZE-chT1W 1415"]
[Site "Czech Republic"]
[Date "2015.03.01"]
[Round "9.4"]
[White "Vybiral, Zdenek"]
[Black "Kubecka, David"]
[Result "1-0"]
[WhiteElo "2215"]
[BlackElo "2258"]
[PlyCount "58"]
[EventDate "2014.10.19"]
[EventType "team-tourn"]
[EventRounds "11"]
[EventCountry "CZE"]
[SourceTitle "EXT 2016"]
[Source "ChessBase"]
[SourceDate "2015.10.08"]
[SourceVersion "1"]
[SourceVersionDate "2015.10.08"]
[SourceQuality "1"]
[WhiteTeam "Ceske Budejovice"]
[BlackTeam "Jicin"]
[WhiteTeamCountry "CZE"]
[BlackTeamCountry "CZE"]

1. d4 Nf6 2. c4 g6 3. Nc3 Bg7 4. e4 d6 5. Nf3 0-0 6. h3 Na6 7. Bg5 h6 8. Be3 c5 9. d5 Nc7 10. Bd3 a6 11. a4 e5 12. a5 Nd7 13. Qd2 Kh7 14. Na4 f5 15. Qc2 f4 16. Bd2 Rf7 17. b4 Bf8 18. Rb1 Ne8 19. bxc5 dxc5 20. Nb6 Nxb6 21. Nxe5 Re7 22. Nxg6 Kxg6 23. Rxb6+ Kh7 24. 0-0 f3 25. e5+ Kg8 26. Re1 Rg7 27. Bg6 fxg2 28. Bxh6 Qh4 29. Bf5 Qxc4 1-0

[Event "CZE-chT1W 1415"]
[Site "Czech Republic"]
[Date "2015.01.18"]
[Round "6.4"]
[White "Kubecka, David"]
[Black "Kuba, Jindrich"]
[Result "1/2-1/2"]
[WhiteElo "2258"]
[BlackElo "2327"]
[PlyCount "144"]
[EventDate "2014.10.19"]
[EventType "team-tourn"]
[EventRounds "11"]
[EventCountry "CZE"]
[SourceTitle "EXT 2016"]
[Source "ChessBase"]
[SourceDate "2015.10.08"]
[SourceVersion "1"]
[SourceVersionDate "2015.10.08"]
[SourceQuality "1"]
[WhiteTeam "Jicin"]
[BlackTeam "Unichess"]
[WhiteTeamCountry "CZE"]
[BlackTeamCountry "CZE"]

1. d4 Nf6 2. c4 e6 3. Nf3 b6 4. g3 Bb7 5. Bg2 Be7 6. 0-0 0-0 7. Nc3 d6 8. b3 d5 9. Ne5 Nbd7 10. Bb2 c5 11. cxd5 exd5 12. e3 Rc8 13. Rc1 a5 14. Qd2 Ne4 15. Nxe4 dxe4 16. Nc4 Nf6 17. Rfd1 Ra8 18. dxc5 Bxc5 19. Qxd8 Rfxd8 20. Rxd8+ Rxd8 21. Nxa5 bxa5 22. Rxc5 a4 23. Bd4 axb3 24. axb3 Ba6 25. h3 Bd3 26. b4 Ne8 27. Re5 f6 28. Re7 Nd6 29. Bc5 Nf5 30. Ra7 h5 31. Bf1 Kh7 32. b5 Rc8 33. Ba3 Rc3 34. Kg2 Rb3 35. b6 Rxb6 36. Rd7 Rb3 37. Bf8 Kg8 38. Bc5 Rc3 39. Bb4 Rb3 40. Bc5 Rc3 41. Rd5 g6 42. Bxd3 Rxd3 43. Rxd3 exd3 44. Kf3 Ng7 45. e4 Ne6 46. Be3 Kf7 47. Bd2 f5 48. exf5 gxf5 49. Ke3 Nc5 50. f3 Kg6 51. Kd4 Nd7 52. Kxd3 Ne5+ 53. Ke2 Kf7 54. Bf4 Ng6 55. Bg5 Ke6 56. Ke3 Ke5 57. Kd3 Kd5 58. Bf6 Ke6 59. Bc3 Kd5 60. Bg7 Ne7 61. Kc3 Ng6 62. Kd3 Ne7 63. Ke3 Ng6 64. Bf6 Ke6 65. Bd8 Ke5 66. Bc7+ Kd5 67. Ba5 Ke5 68. Bc3+ Kd5 69. Bb4 Ke5 70. Ba3 Kd5 71. Bb2 Ke6 72. Bc3 Kd5 1/2-1/2

[Event "Marianske Lazne op 12th"]
[Site "Marianske Lazne"]
[Date "2013.01.25"]
[Round "8"]
[White "Kubecka, David"]
[Black "Nguyen, Chi Minh"]
[Result "1-0"]
[WhiteElo "2218"]
[BlackElo "2401"]
[PlyCount "47"]
[EventDate "2013.01.19"]
[EventType "swiss"]
[EventRounds "9"]
[EventCountry "CZE"]
[SourceTitle "CBM 152 Extra"]
[Source "ChessBase"]
[SourceDate "2013.02.25"]
[SourceVersion "1"]
[SourceVersionDate "2013.02.25"]
[SourceQuality "1"]

1. d4 e6 2. Nf3 b6 3. g3 Bb7 4. Bg2 f5 5. 0-0 Nf6 6. c4 g6 7. Nc3 Bg7 8. Qc2 0-0 9. b3 Na6 10. Bb2 Ne4 11. Rad1 c5 12. Nxe4 Nb4 13. Qd2 fxe4 14. Ng5 e3 15. Qxe3 Bxg2 16. Kxg2 cxd4 17. Qd2 Nxa2 18. Bxd4 Bxd4 19. Qxa2 Qxg5 20. Rxd4 Rf7 21. Rfd1 Qc5 22. f3 Rd8 23. Qxa7 e5 24. Rxd7 1-0

[Event "Marianske Lazne op 12th"]
[Site "Marianske Lazne"]
[Date "2013.01.23"]
[Round "6"]
[White "Kubecka, David"]
[Black "Burdalev, Kirill"]
[Result "1/2-1/2"]
[WhiteElo "2218"]
[BlackElo "2340"]
[PlyCount "39"]
[EventDate "2013.01.19"]
[EventType "swiss"]
[EventRounds "9"]
[EventCountry "CZE"]
[SourceTitle "CBM 152 Extra"]
[Source "ChessBase"]
[SourceDate "2013.02.25"]
[SourceVersion "1"]
[SourceVersionDate "2013.02.25"]
[SourceQuality "1"]

1. d4 c5 2. dxc5 Na6 3. Nf3 Nxc5 4. c4 Nf6 5. Nc3 g6 6. b4 Ne6 7. Bb2 Bg7 8. e3 0-0 9. Be2 a5 10. a3 Nc7 11. 0-0 d5 12. Qb3 dxc4 13. Bxc4 axb4 14. axb4 Rxa1 15. Rxa1 Be6 16. Bxe6 Nxe6 17. Rd1 Qb6 18. Na4 Qb5 19. Nc3 Qb6 20. Na4 1/2-1/2

[Event "Marianske Lazne op 12th"]
[Site "Marianske Lazne"]
[Date "2013.01.22"]
[Round "5"]
[White "Brem, Stephan"]
[Black "Kubecka, David"]
[Result "0-1"]
[WhiteElo "2095"]
[BlackElo "2218"]
[PlyCount "88"]
[EventDate "2013.01.19"]
[EventType "swiss"]
[EventRounds "9"]
[EventCountry "CZE"]
[SourceTitle "CBM 152 Extra"]
[Source "ChessBase"]
[SourceDate "2013.02.25"]
[SourceVersion "1"]
[SourceVersionDate "2013.02.25"]
[SourceQuality "1"]

1. b3 Nf6 2. Bb2 g6 3. Bxf6 exf6 4. c4 Bh6 5. g3 0-0 6. Bg2 Re8 7. Nc3 f5 8. e3 f4 9. Nge2 fxe3 10. dxe3 d6 11. Nf4 Nc6 12. Qd2 Ne5 13. 0-0 Rb8 14. Rad1 b6 15. Kh1 Bb7 16. Nfd5 Bg7 17. f4 Ng4 18. h3 Bxc3 19. Qxc3 Bxd5 20. hxg4 Bxg2+ 21. Kxg2 Re4 22. Kf3 Qe7 23. g5 Re8 24. Rde1 Qd7 25. Rh1 Qc6 26. Kf2 Rxe3 27. Rxe3 Rxe3 28. Qxe3 Qxh1 29. Qe7 Qh2+ 30. Kf3 Qh1+ 31. Kf2 Qa1 32. a4 Qd4+ 33. Kf3 c5 34. Qxa7 Qd3+ 35. Kf2 Qc2+ 36. Ke1 Qxb3 37. Qb8+ Kg7 38. Qxd6 Qxg3+ 39. Kd2 Qf2+ 40. Kc3 Qe1+ 41. Kc2 Qe6 42. Qd3 Qf5 43. Qxf5 gxf5 44. Kd3 Kg6 0-1

[Event "CZE-chT2C 1213"]
[Site "Czech Republic"]
[Date "2012.12.02"]
[Round "4.4"]
[White "Pick, Stepan"]
[Black "Kubecka, David"]
[Result "1/2-1/2"]
[WhiteElo "2130"]
[BlackElo "2218"]
[PlyCount "67"]
[EventDate "2012.10.14"]
[EventType "team-tourn"]
[EventRounds "11"]
[EventCountry "CZE"]
[SourceTitle "EXT 2015"]
[Source "ChessBase"]
[SourceDate "2014.11.20"]
[SourceVersion "1"]
[SourceVersionDate "2014.11.20"]
[SourceQuality "1"]
[WhiteTeam "Pankrac II"]
[BlackTeam "Praha Oaza"]
[WhiteTeamCountry "CZE"]
[BlackTeamCountry "CZE"]

1. Nf3 Nf6 2. c4 g6 3. Nc3 Bg7 4. e4 d6 5. d4 0-0 6. Be2 Na6 7. 0-0 e5 8. Be3 Ng4 9. Bg5 f6 10. Bc1 Nh6 11. h3 Nf7 12. Be3 c6 13. dxe5 dxe5 14. c5 Nc7 15. b4 f5 16. Qxd8 Rxd8 17. Rad1 Be6 18. Rxd8+ Rxd8 19. a3 Bf6 20. Rd1 Kf8 21. Rxd8+ Bxd8 22. Ne1 f4 23. Bc1 Bb3 24. Bb2 Ne6 25. Bg4 h5 26. Bxe6 Bxe6 27. Nb1 g5 28. Nd2 g4 29. hxg4 hxg4 30. Nd3 Bc7 31. Bc3 Ke7 32. Kf1 Kd7 33. a4 a6 34. a5 1/2-1/2

[Event "CZE-chT rap"]
[Site "Pardubice"]
[Date "2012.07.14"]
[Round "5.5"]
[White "Zeinert, Michal"]
[Black "Kubecka, David"]
[Result "1-0"]
[WhiteElo "2144"]
[BlackElo "2219"]
[PlyCount "65"]
[EventDate "2012.07.12"]
[EventType "team-swiss"]
[EventRounds "7"]
[EventCountry "CZE"]
[SourceTitle "EXT 2013"]
[Source "ChessBase"]
[SourceDate "2012.11.22"]
[SourceVersion "1"]
[SourceVersionDate "2012.11.22"]
[SourceQuality "1"]

1. c4 Nf6 2. Nc3 g6 3. g3 Bg7 4. Bg2 d6 5. d3 e5 6. Rb1 a5 7. a3 c6 8. Nf3 0-0 9. 0-0 h6 10. b4 axb4 11. axb4 Nbd7 12. Nd2 Ne8 13. b5 c5 14. Nd5 Nc7 15. Bb2 Nxd5 16. Bxd5 Nb6 17. Bg2 Qc7 18. Ra1 Be6 19. Qb3 Rfd8 20. Rxa8 Rxa8 21. Ra1 Qb8 22. Ra3 Kf8 23. Qa2 Bc8 24. f4 f6 25. Ne4 Ke7 26. Nc3 Rxa3 27. Qxa3 Bf8 28. fxe5 fxe5 29. Qa5 Nd7 30. Nd5+ Kf7 31. Qd8 Qa8 32. Bh3 Qa2 33. Bxd7 1-0

[Event "CZE-chT2B 1112"]
[Site "Czech Republic"]
[Date "2012.04.22"]
[Round "11.4"]
[White "Kubecka, David"]
[Black "Hadraba, Vladimir"]
[Result "0-1"]
[WhiteElo "2256"]
[BlackElo "2225"]
[PlyCount "110"]
[EventDate "2011.10.09"]
[EventType "team-tourn"]
[EventRounds "11"]
[EventCountry "CZE"]
[SourceTitle "EXT 2013"]
[Source "ChessBase"]
[SourceDate "2012.11.22"]
[SourceVersion "1"]
[SourceVersionDate "2012.11.22"]
[SourceQuality "1"]
[WhiteTeam "Vrsovice"]
[BlackTeam "Teplice"]
[WhiteTeamCountry "CZE"]
[BlackTeamCountry "CZE"]

1. c4 Nf6 2. Nc3 g6 3. g3 Bg7 4. Bg2 d6 5. Nf3 0-0 6. 0-0 c5 7. d4 Na6 8. h3 cxd4 9. Nxd4 Nc5 10. b3 Bd7 11. Bb2 Qc8 12. Kh2 Ne6 13. Nd5 Nxd5 14. cxd5 Nxd4 15. Bxd4 Bxd4 16. Qxd4 Bb5 17. Rfc1 Qd7 18. e4 e5 19. dxe6 Qxe6 20. Rd1 Rfd8 21. Rd2 Bc6 22. Rad1 a5 23. f3 f6 24. Qc4 Kf7 25. Rxd6 Rxd6 26. Rxd6 Qxc4 27. bxc4 Ke7 28. Rd2 Ra6 29. Kg1 Rb6 30. Kf2 Rb4 31. Bf1 Rb1 32. Be2 g5 33. Bd3 Rc1 34. Rc2 Rd1 35. Be2 Rb1 36. Rd2 h6 37. Bd3 Rc1 38. Rc2 Rd1 39. Be2 Rb1 40. Rd2 Bd7 41. h4 Bc6 42. hxg5 hxg5 43. Ke3 Rg1 44. Kf2 Rb1 45. Bd3 Rc1 46. Ke3 Rh1 47. Kd4 Rh3 48. Rg2 Rh1 49. c5 Ke6 50. Bc4+ Ke7 51. Rb2 Rd1+ 52. Bd3 Rh1 53. Bb5 Rd1+ 54. Bd3 Rh1 55. f4 Rh3 0-1

[Event "CZE-chT1W 1112"]
[Site "Czech Republic"]
[Date "2011.10.30"]
[Round "2.3"]
[White "Petran, Peter"]
[Black "Kubecka, David"]
[Result "1/2-1/2"]
[WhiteElo "2297"]
[BlackElo "2256"]
[PlyCount "186"]
[EventDate "2011.10.02"]
[EventType "team-tourn"]
[EventRounds "11"]
[EventCountry "CZE"]
[SourceTitle "EXT 2012"]
[Source "ChessBase"]
[SourceDate "2011.11.24"]
[SourceVersion "1"]
[SourceVersionDate "2011.11.24"]
[SourceQuality "1"]
[WhiteTeam "Vysehrad"]
[BlackTeam "Praha Oaza"]
[WhiteTeamCountry "CZE"]
[BlackTeamCountry "CZE"]

1. Nf3 Nf6 2. c4 g6 3. Nc3 Bg7 4. e4 d6 5. d4 0-0 6. h3 e5 7. d5 Na6 8. Bg5 h6 9. Be3 Nc5 10. Bd3 Ne8 11. Bc2 f5 12. b4 Na6 13. a3 f4 14. Bc1 g5 15. Nd2 Nf6 16. Bd3 h5 17. Nb3 g4 18. hxg4 hxg4 19. Bd2 Kf7 20. Qc2 Rh8 21. 0-0-0 Nb8 22. c5 Nbd7 23. Kb1 Ne8 24. Rxh8 Bxh8 25. Rh1 Bg7 26. g3 f3 27. Nd1 Ndf6 28. Ne3 Qe7 29. Rh4 Qf8 30. Bb5 a6 31. Bd3 Bh6 32. Nc4 Bxd2 33. Nbxd2 Qe7 34. cxd6 cxd6 35. Nb6 Rb8 36. Nxc8 Qd8 37. Nxd6+ Nxd6 38. Nc4 Nxc4 39. Bxc4 Qd6 40. Bd3 Rd8 41. Rh1 a5 42. Qc5 axb4 43. Qxd6 Rxd6 44. axb4 Rb6 45. b5 Rd6 46. Kc2 Rd8 47. Kb3 b6 48. Kb4 Ke7 49. Rc1 Rd6 50. Rc7+ Rd7 51. Rc6 Rd6 52. Bc2 Kd7 53. Kc4 Ne8 54. Bd3 Rxc6+ 55. bxc6+ Kc7 56. Kc3 Nd6 57. Kd2 Kd8 58. Ke3 Kc7 59. Bc2 Nc4+ 60. Kd3 Nd6 61. Bd1 Nf7 62. Ke3 Ng5 63. Ba4 Nh7 64. Kd3 Ng5 65. Bc2 Nh3 66. Ke3 Ng5 67. Bd1 Kd6 68. Ba4 Kc7 69. Bb5 Nh7 70. Ba6 Nf6 71. Bc4 Kd6 72. Bb3 Nh7 73. Bc2 Ng5 74. Ba4 Kc7 75. Bd1 Kd6 76. Bc2 Kc7 77. Kd3 Nf7 78. Bd1 Ng5 79. Bc2 Nf7 80. Bb1 Nd6 81. Bc2 Nf7 82. Ke3 Ng5 83. Bb3 Nh7 84. Kd3 Nf6 85. Bc2 Nh7 86. Kc4 Nf6 87. Kd3 Nh7 88. Ke3 Kd6 89. Ba4 Kc7 90. Kd3 Nf6 91. Bd1 Nh7 92. Bc2 Nf6 93. Bd1 Nh7 1/2-1/2

[Event "CZE-chT rap"]
[Site "Pardubice"]
[Date "2011.07.16"]
[Round "5"]
[White "Prymula, Roman"]
[Black "Kubecka, David"]
[Result "1/2-1/2"]
[WhiteElo "2272"]
[BlackElo "2233"]
[PlyCount "61"]
[EventDate "2011.07.14"]
[EventType "team-swiss"]
[EventRounds "7"]
[EventCountry "CZE"]
[SourceTitle "CBM 143 Extra"]
[Source "ChessBase"]
[SourceDate "2011.08.29"]
[SourceVersion "1"]
[SourceVersionDate "2011.08.29"]
[SourceQuality "1"]

1. d4 Nf6 2. Nf3 g6 3. Bg5 Bg7 4. Nbd2 d6 5. e4 0-0 6. c3 c6 7. Be2 Qc7 8. Qc2 e5 9. dxe5 dxe5 10. h3 Be6 11. Rd1 Nbd7 12. 0-0 h6 13. Bh4 Rfe8 14. Rfe1 a5 15. Bc4 Nh5 16. Bxe6 Rxe6 17. Nc4 Nb6 18. Ne3 Bf6 19. Bxf6 Nxf6 20. Ng4 Nxg4 21. hxg4 Kg7 22. Rd3 Rd8 23. Red1 Rxd3 24. Qxd3 Re7 25. Qe3 Rd7 26. Rxd7 Nxd7 27. g5 hxg5 28. Qxg5 f6 29. Qg4 Nf8 30. b3 Qd7 31. Qxd7+ 1/2-1/2

[Event "Klatovy op 19th"]
[Site "Klatovy"]
[Date "2011.07.10"]
[Round "9"]
[White "Vlasak, Lukas"]
[Black "Kubecka, David"]
[Result "1/2-1/2"]
[WhiteElo "2308"]
[BlackElo "2226"]
[PlyCount "31"]
[EventDate "2011.07.02"]
[EventType "swiss"]
[EventRounds "9"]
[EventCountry "CZE"]
[SourceTitle "EXT 2012"]
[Source "ChessBase"]
[SourceDate "2011.11.24"]
[SourceVersion "1"]
[SourceVersionDate "2011.11.24"]
[SourceQuality "1"]

1. e4 g6 2. d4 Bg7 3. Nc3 d6 4. f4 a6 5. Nf3 b5 6. e5 d5 7. Bd3 Bg4 8. h3 Bxf3 9. Qxf3 e6 10. Be3 h5 11. g4 c5 12. dxc5 Nc6 13. 0-0-0 Nge7 14. Ne2 Qc7 15. gxh5 Rxh5 16. Nd4 1/2-1/2

[Event "Klatovy op 19th"]
[Site "Klatovy"]
[Date "2011.07.08"]
[Round "7"]
[White "Kubecka, David"]
[Black "Kopta, Pavel"]
[Result "1/2-1/2"]
[WhiteElo "2226"]
[BlackElo "2291"]
[PlyCount "64"]
[EventDate "2011.07.02"]
[EventType "swiss"]
[EventRounds "9"]
[EventCountry "CZE"]
[SourceTitle "EXT 2012"]
[Source "ChessBase"]
[SourceDate "2011.11.24"]
[SourceVersion "1"]
[SourceVersionDate "2011.11.24"]
[SourceQuality "1"]

1. e4 c5 2. Nc3 Nc6 3. f4 g6 4. Nf3 Bg7 5. Bb5 Nd4 6. 0-0 Nxb5 7. Nxb5 d6 8. d3 a6 9. Nc3 Nh6 10. Qe1 Bg4 11. f5 Bxf3 12. Rxf3 Ng4 13. Qh4 Ne5 14. Rf2 gxf5 15. exf5 Bf6 16. Bg5 Bxg5 17. Qxg5 Kd7 18. Nd5 Rg8 19. Qh4 Rg4 20. Qh3 Kc6 21. Re1 Kxd5 22. Rxe5+ dxe5 23. Qxg4 Kc6 24. f6 exf6 25. Qg7 Qd4 26. Qxf6+ Kb5 27. c3 Qxd3 28. Qe7 b6 29. Qxe5 Rd8 30. Rxf7 Qb1+ 31. Rf1 Qxa2 32. h3 Qd5 1/2-1/2

[Event "CZE-chT2A 1011"]
[Site "Czech Republic"]
[Date "2011.03.27"]
[Round "10"]
[White "Filipi, Stepan"]
[Black "Kubecka, David"]
[Result "1-0"]
[WhiteElo "2100"]
[BlackElo "2285"]
[PlyCount "109"]
[EventDate "2010.10.17"]
[EventType "team-tourn"]
[EventRounds "11"]
[EventCountry "CZE"]
[SourceTitle "EXT 2012"]
[Source "ChessBase"]
[SourceDate "2011.11.24"]
[SourceVersion "1"]
[SourceVersionDate "2011.11.24"]
[SourceQuality "1"]
[WhiteTeam "Vysehrad II"]
[BlackTeam "Praha Oaza"]
[WhiteTeamCountry "CZE"]
[BlackTeamCountry "CZE"]

1. e4 e5 2. Nf3 Nc6 3. Bb5 a6 4. Ba4 d6 5. c3 Bd7 6. d4 Nf6 7. 0-0 Qe7 8. Nbd2 g6 9. d5 Nb8 10. Bc2 Bh6 11. c4 a5 12. c5 0-0 13. Nc4 Bxc1 14. Rxc1 Bb5 15. cxd6 cxd6 16. Bd3 Bxc4 17. Rxc4 Nbd7 18. Qe2 Nc5 19. Nd2 Nfd7 20. a3 Nb6 21. Rc2 a4 22. g3 Rac8 23. Rfc1 Kg7 24. Bc4 Rc7 25. b4 axb3 26. Nxb3 Nba4 27. Bb5 Nxb3 28. Rxc7 Nxc1 29. Qc2 Ne2+ 30. Bxe2 Qd8 31. Rxb7 Nc5 32. Rb5 Qc7 33. f4 f6 34. Kg2 Qa7 35. a4 Re8 36. f5 gxf5 37. exf5 Ra8 38. a5 Qc7 39. a6 Rb8 40. Qb2 Rxb5 41. Qxb5 Qa7 42. Kh3 Kh6 43. Qe8 Kg7 44. Bb5 Qc7 45. Bc6 Qa7 46. Bb5 Qc7 47. Qa8 Qa5 48. Qe8 Qc7 49. Qc6 Qb8 50. Kh4 Kh6 51. Be2 Qb4+ 52. Bg4 Qd2 53. Qxd6 Qg5+ 54. Kh3 Nxa6 55. Qxa6 1-0

[Event "CZE-chT2A 1011"]
[Site "Czech Republic"]
[Date "2011.01.23"]
[Round "6"]
[White "Kubecka, David"]
[Black "Zapletal, Jindrich"]
[Result "0-1"]
[WhiteElo "2285"]
[BlackElo "2246"]
[PlyCount "84"]
[EventDate "2010.10.17"]
[EventType "team-tourn"]
[EventRounds "11"]
[EventCountry "CZE"]
[SourceTitle "EXT 2012"]
[Source "ChessBase"]
[SourceDate "2011.11.24"]
[SourceVersion "1"]
[SourceVersionDate "2011.11.24"]
[SourceQuality "1"]
[WhiteTeam "Praha Oaza"]
[BlackTeam "Tabor"]
[WhiteTeamCountry "CZE"]
[BlackTeamCountry "CZE"]

1. d4 e6 2. c4 f5 3. g3 Nf6 4. Bg2 c6 5. Nf3 d5 6. 0-0 Bd6 7. Nc3 0-0 8. Bf4 Bxf4 9. gxf4 dxc4 10. Ne5 Nd5 11. e3 b5 12. a4 b4 13. Ne2 Ba6 14. Re1 Nd7 15. Nxc6 Qb6 16. Ne5 N7f6 17. Ng3 Rac8 18. Bxd5 Nxd5 19. Nd7 Qc6 20. Nxf8 Rxf8 21. f3 Rb8 22. Qc1 b3 23. e4 Nb4 24. Qc3 Nd3 25. Re2 Rd8 26. Rd2 Qb6 27. Ne2 e5 28. fxe5 Qg6+ 29. Ng3 f4 30. Rg2 fxg3 31. Rxg3 Qb6 32. Kh1 Rxd4 33. Rag1 Nf2+ 34. Kg2 Rd3 35. Qe1 Qd4 36. Qb4 Qd8 37. Kxf2 Rd2+ 38. Ke3 Re2+ 39. Kxe2 c3+ 40. Qb5 Bxb5+ 41. axb5 Qd2+ 42. Kf1 g6 0-1

[Event "Prague op-A 10th"]
[Site "Prague"]
[Date "2011.01.10"]
[Round "4"]
[White "Schmidt Schaeffer, Sebastian"]
[Black "Kubecka, David"]
[Result "1-0"]
[WhiteElo "2410"]
[BlackElo "2242"]
[PlyCount "103"]
[EventDate "2011.01.07"]
[EventType "swiss"]
[EventRounds "9"]
[EventCountry "CZE"]
[SourceTitle "CBM 140 Extra"]
[Source "ChessBase"]
[SourceDate "2011.03.01"]
[SourceVersion "1"]
[SourceVersionDate "2011.03.01"]
[SourceQuality "1"]

1. f4 c5 2. Nf3 b6 3. e4 Bb7 4. d3 g6 5. g3 Bg7 6. Bg2 Nh6 7. 0-0 f5 8. Re1 0-0 9. c3 Na6 10. Na3 Rc8 11. Nc4 Nc7 12. Qb3 Kh8 13. Ng5 d6 14. a4 Ba8 15. Na3 fxe4 16. dxe4 Bc6 17. Nb5 Bd7 18. e5 c4 19. Qd1 Nxb5 20. axb5 dxe5 21. Rxa7 Bxb5 22. Qxd8 Rfxd8 23. Ne6 Rd7 24. Rxd7 Bxd7 25. Nxg7 Kxg7 26. Rxe5 Kf7 27. h3 Nf5 28. Kf2 Bc6 29. Bxc6 Rxc6 30. g4 Nd6 31. Be3 b5 32. Kf3 Rc7 33. Bc5 Rb7 34. h4 Kf6 35. h5 Rb8 36. Ke3 Rb7 37. Kd4 Rd7 38. Ke3 Rb7 39. Bd4 Kf7 40. Bc5 Kf6 41. h6 Kf7 42. Kd4 Ne8 43. Kd5 Rc7 44. g5 e6+ 45. Ke4 Rb7 46. Bb4 Nc7 47. Rc5 e5 48. Rxe5 Na6 49. Kd4 Nxb4 50. cxb4 Rd7+ 51. Rd5 Re7 52. Rxb5 1-0

[Event "CZE-chT2A 1011"]
[Site "Czech Republic"]
[Date "2011.01.09"]
[Round "5"]
[White "Stluka, Frantisek"]
[Black "Kubecka, David"]
[Result "1/2-1/2"]
[WhiteElo "2098"]
[BlackElo "2285"]
[PlyCount "83"]
[EventDate "2010.10.17"]
[EventType "team-tourn"]
[EventRounds "11"]
[EventCountry "CZE"]
[SourceTitle "EXT 2012"]
[Source "ChessBase"]
[SourceDate "2011.11.24"]
[SourceVersion "1"]
[SourceVersionDate "2011.11.24"]
[SourceQuality "1"]
[WhiteTeam "Pisek Platan"]
[BlackTeam "Praha Oaza"]
[WhiteTeamCountry "CZE"]
[BlackTeamCountry "CZE"]

1. d4 Nf6 2. c4 e6 3. Nf3 Bb4+ 4. Bd2 Qe7 5. Nc3 0-0 6. Qc2 d6 7. a3 Bxc3 8. Bxc3 Nbd7 9. e4 e5 10. dxe5 dxe5 11. b4 b6 12. Bd3 Bb7 13. 0-0 c5 14. Rfe1 Bc6 15. g3 Ne8 16. Nh4 g6 17. Ng2 Ng7 18. Ne3 Ne6 19. Nd5 Qd6 20. f4 f6 21. f5 Nd4 22. Qf2 g5 23. h3 Kg7 24. Rab1 Rh8 25. Kg2 h5 26. Red1 h4 27. g4 Rhe8 28. b5 Bb7 29. a4 a5 30. Ne3 Rad8 31. Qb2 Rc8 32. Rd2 Qb8 33. Rbd1 Qa8 34. Qb1 Re7 35. Kf2 Kf7 36. Nf1 Rd8 37. Ke3 Nf8 38. Ba1 Red7 39. Bc3 Qb8 40. Kf2 Ba8 41. Ne3 Kg7 42. Bf1 1/2-1/2

[Event "Prague op-A 10th"]
[Site "Prague"]
[Date "2011.01.08"]
[Round "2"]
[White "Kulhanek, Tomas"]
[Black "Kubecka, David"]
[Result "1-0"]
[WhiteElo "2397"]
[BlackElo "2242"]
[PlyCount "77"]
[EventDate "2011.01.07"]
[EventType "swiss"]
[EventRounds "9"]
[EventCountry "CZE"]
[SourceTitle "CBM 140 Extra"]
[Source "ChessBase"]
[SourceDate "2011.03.01"]
[SourceVersion "1"]
[SourceVersionDate "2011.03.01"]
[SourceQuality "1"]

1. e4 e5 2. Nf3 Nc6 3. Bb5 a6 4. Ba4 d6 5. c3 Bd7 6. 0-0 Nge7 7. d4 Ng6 8. Be3 Be7 9. d5 Nb8 10. c4 h6 11. Nc3 Bg5 12. b4 Bxe3 13. Bxd7+ Nxd7 14. fxe3 0-0 15. Ne2 a5 16. a3 Ra6 17. Ng3 axb4 18. axb4 Qa8 19. Nf5 Qa7 20. Nd2 Rxa1 21. Qxa1 Ra8 22. Qc3 Qb6 23. h4 Kf8 24. Qb3 Qa6 25. Qd1 Qa2 26. Nb3 Ra3 27. Na5 Qb2 28. h5 Ne7 29. Qg4 Nxf5 30. Qxf5 Nf6 31. Qc8+ Ne8 32. Nxb7 Ra2 33. Qh3 Ra1 34. Rxa1 Qxa1+ 35. Kh2 Qb1 36. Qf5 Qxb4 37. Nd8 Nf6 38. Qc8 Qa4 39. Ne6+ 1-0

[Event "CZE-chT1W 1011"]
[Site "Czech Republic"]
[Date "2010.12.12"]
[Round "5.3"]
[White "Nun, Jiri"]
[Black "Kubecka, David"]
[Result "1/2-1/2"]
[WhiteElo "2356"]
[BlackElo "2285"]
[PlyCount "84"]
[EventDate "2010.10.10"]
[EventType "team-tourn"]
[EventRounds "11"]
[EventCountry "CZE"]
[SourceTitle "EXT 2012"]
[Source "ChessBase"]
[SourceDate "2011.11.24"]
[SourceVersion "1"]
[SourceVersionDate "2011.11.24"]
[SourceQuality "1"]
[WhiteTeam "Hradec Kralove"]
[BlackTeam "Praha Vrsovice"]
[WhiteTeamCountry "CZE"]
[BlackTeamCountry "CZE"]

1. e4 c6 2. d4 d5 3. exd5 cxd5 4. Bd3 Nc6 5. c3 Nf6 6. Bf4 g6 7. h3 Bg7 8. Nf3 0-0 9. 0-0 Bf5 10. Re1 Bxd3 11. Qxd3 Rc8 12. Nbd2 e6 13. a4 Ne8 14. b4 Nd6 15. a5 Qd7 16. Ra2 Nc4 17. Nxc4 dxc4 18. Qd2 Ne7 19. Bh6 f6 20. Bxg7 Kxg7 21. Qc1 Nd5 22. Nh2 Rfe8 23. Ng4 Re7 24. g3 b5 25. Rae2 Rce8 26. f4 Qc6 27. Nf2 f5 28. Re5 Kf6 29. Qd2 Rg8 30. Kh2 h6 31. g4 Kf7 32. Rg1 Ree8 33. Nd1 Qd6 34. Qf2 a6 35. Qg3 Qd8 36. Nf2 Qf6 37. g5 hxg5 38. fxg5 Qd8 39. Qf3 Kg7 40. Rge1 Qd6 41. Qg3 Rh8 42. Kg2 Qc6 1/2-1/2